000 00592nam a2200205 4500
001 114067
003 ES-MaACL
005 20260210161951.0
007 t|
008 061121s1999 sp r ||||1| spa d
100 1 _aNosti Nava, Jaime.
_986020
245 1 0 _aCacao, café y té /
_cJaime Nosti Nava.
250 _a2ª. ed.
260 _aBarcelona :
_bSalvat,
_c1963.
300 _aXXIV, 806 p., 4 lám. :
_bil. ;
_c23 cm.
490 1 _aColección agrícola salvat
830 0 _aColección agrícola Salvat
_9181203
852 _aES-MaACL
_jC-22966
_bR.51701
999 _c114067
_d114067